000 00491cam a2200181ua 4500
001 5948
008 131029n ii |||gr||||Z||||||eng
040 _cMAIN
082 _a954.035
245 1 1 _aHistory Of The Indian National Movement
_cBy Prakash Chandra
250 _a1st ed.
260 _aNew Delhi:
_bVikas Publishing House,
_c1997.
300 _aix,463p.
653 _aHistory
653 _aHistory of The Indian National Movement
700 1 _aChandra,Prakash,
_eAuthor.
942 _cBK
999 _c5102
_d5102